عرض عادي
عرض مارك
- .Barrett,Kim E
مدخل إسم شخص
001 - رقم الضبط
- حقل الضبط: 36268
003 - معرف رقم الضبط
- حقل الضبط: OSt
005 - تاريخ ووقت أخر عملية
- حقل الضبط: 20130801114737.0
008 - عناصر بيانات ثابتة الطول
- حقل تحكم ثابت الطول: 130801|||a|||||| | ||| d
040 ## - مصدر الفهرسة
- هيئة الفهرسة الأصلية: OSt
- وكالة الكتابة: OSt
100 ## - مدخل -- أسم شخص
- إسم شخص: .Barrett,Kim E
670 ## - بيانات المصدر موجوده
- الاستشهاد بالمصدر: Work cat.: (OSt): Ganong's review of medical physiology / Kim E. Barrett ... [et al.]., 2012
